Наследството 731 (Запис номер 89448)
[ съкратено ]
| 000 -Лидер | |
|---|---|
| Контролно поле с фиксирана дължина | 01420nam a2200361 c 4500 |
| 003 - Код на организацията, давaща контролен номер | |
| Контролно поле | BLK |
| 005 - Дата и час на последна редакция | |
| Контролно поле | 20240704133837.0 |
| 008 - Елементи от данни с фиксирана дължина | |
| fixed length control field | 180408b bul|||||r ||||||| ||bul|| |
| 010 ## - Наследен системен номер | |
| LC control number | KNG00094148000 |
| 020 ## - Международен стандартен номер на книга ISBN | |
| Международен стандартен номер на книга ISBN | 978-954-26-0832-5 |
| -- | издат.: Хермес |
| 040 ## - Източник на каталожния запис | |
| Идентификатор на билиотеката - собственик на записа | BLK |
| 041 ## - Код за език | |
| Код за езика на текст/звукозапис или на отделно заглавие | Български |
| Код за езика КДБФ | Български |
| 080 ## - УДК | |
| Текстов определител УДК | Американска литература (на САЩ) |
| УДК код - определител по УДК | 821.111(73) |
| УДК определител | -312.4 |
| УДК - код + определител | 821.111(73)-312.4 |
| 100 1# - Редна дума - Автор | |
| Автор | Шоулс, Лин |
| Авторска отговорност | първи автор |
| R(LIN) | 144081 |
| 139 ## - Редно поле | |
| Редна дума | Шоулс, Лин и др. |
| Авторски знак | Шоу - Ш 88 |
| 245 10 - Сведения за заглавието | |
| Заглавие | Наследството 731 |
| Подзаглавни данни | Роман |
| Редно поле (дума) | Лин Шоулс; съавт. Джо Мур; прев. от англ. Диана Янакиева Кутева. |
| 257 ## - Страна на издаване | |
| Страна на създаване/издаване | Съединени американски щати |
| 260 ## - Област на издателските данни | |
| -- | Пловдив |
| Име на издателя, разпространителя и проч. | Хермес |
| Година на издаване | 2010 |
| Печатница | Хасково : Полиграфюг |
| 300 ## - Физическа характеристика | |
| Страници | 368 с. |
| Размери/Мащаб | 20 см |
| 380 ## - Жанр | |
| Жанр | Худож. лит. |
| 490 1# - СЕРИИ (Колекции) | |
| Име на серия | Серия Падналите ангели |
| №: серия | Кн. 4 |
| 500 ## - Общи забележки | |
| Забележка | Ориг. загл. The 731 Legacy / Lynn Sholes and Joe Moore. - Офс. изд. |
| 653 ## - Ключова дума – ненормативна | |
| Ключова дума | трилъри |
| 653 ## - Ключова дума – ненормативна | |
| Ключова дума | романи |
| 700 1# - Други автори (авторска отговорност) | |
| Лично име | Мур, Джо |
| Автороска отговорност (Описва отношението между автора и произведението) | съавт. |
| 9 (RLIN) | 296745 |
| 700 1# - Други автори (авторска отговорност) | |
| Лично име | Кутева, Диана Янакиева |
| Дати, свързани с автора | 1955 - |
| 9 (RLIN) | 85939 |
| 852 ## - Местоположение | |
| Форматна сигнатура | Цб 236321 |
| 856 4# - Електронен адрес и достъп | |
| Електронен формат | pdf - файл |
| Път до файла /url/ | |
| 856 4# - Електронен адрес и достъп | |
| Електронен формат | pdf - файл |
| Път до файла /url/ | |
| 942 ## - АРТИКУЛИ | |
| Вид на библиотечния материал | Книги |
| Скрит в OPAC | Не |
| Koha issues (borrowed), all copies | 5 |
| 944 ## - СЪЗДАВАНЕ И РЕДАКЦИЯ на ЗАПИСА | |
| Създаване/Редакция | Създаване |
| Дата на регистрацията/редакция | 08.02.2010 |
| Статус, дата на статуса | Геновева Генчева |
| Служител, извършил регистрацията/редакцията | 30560 |
| 944 ## - СЪЗДАВАНЕ И РЕДАКЦИЯ на ЗАПИСА | |
| Създаване/Редакция | Редакция |
| Дата на регистрацията/редакция | 07.02.2011 |
| Статус, дата на статуса | ф / |
| Служител, извършил регистрацията/редакцията | |
| 999 ## - СИСТЕМНИ КОНТРОЛНИ НОМЕРА | |
| Koha biblionumber | 89448 |
| Koha biblioitemnumber | 89448 |
| Код за отписване | Код за изгубен артикул | Код за повреда | Коз за рестрикции | Код за отдаване | Артикулен № | Име на библиотеката - собственик | Име на библиотеката, в която се намира в момента | Статус (Текущо местоположение) | Дата на вписване в системата | Местоположение - отдел | Цена в лева | Инвентарен номер | Систематично азбучна сигнатура | Баркод | Номер на екземпляра | Цена в евро | Служебна бележка | Служебен тип на артикула |
|---|---|---|---|---|---|---|---|---|---|---|---|---|---|---|---|---|---|---|
| Не е изгубен | Не е повреден | без рестрикции | заемане за дома | 144830 | Регионална библиотека "Любен Каравелов" Русе | Регионална библиотека "Любен Каравелов" Русе | Заемна - подръчен фонд | 2010-02-08 | Заемна - подръчен фонд | 11.95 | 120000741974 | П 820(73)-31/Ш 88 | 120000741974 | 1 | 6.11 | Дост: Pk Вид: Ф N: 363 Дата: 08.02.2010 Дата инв: 12.02.2018 Бележки инв: П2018 | Книги | |
| Не е изгубен | Не е повреден | без рестрикции | ползва се в читалня | 144831 | Регионална библиотека "Любен Каравелов" Русе | Регионална библиотека "Любен Каравелов" Русе | Хранилище | 2011-02-07 | Хранилище | 11.95 | 120000748999 | Цб 236321 | 120000748999 | 2 | 6.11 | Дост: Dp Вид: Д N: 20 Дата: 19.05.2010 | Книги |